000 00758nam a2200253 a 4500
001 000112632
003 CHAP
005 20220329144315.0
008 160811s1990 mx | |r| |||||||spa d
010 _a109093
011 _a110065
040 _cCHAP
090 _aFolleto 2345
100 0 0 _aValladares Arjona, Rubén
_9117558
245 1 0 _aAgricultura en México :
_bdiversidad o crisis /
_cpor Rubén Valladares Arjona.
260 _aChapingo, Méx. :
_bUACH. Coordinación de extensión Universitaria,
_c1990.
300 _a38 p. :
_bil.
590 _aE6096MTM
_b05
_c20160811
_lUCH01
_h1237
650 1 4 _aAgricultura
_xAspectos económicos
_zMéxico
_91312
650 1 4 _aAgricultura
_zMéxico.
_91932
901 _aBK
942 _cFOLL
942 _n0
999 _c109093
_d109093